000 00412nam a2200169Ia 4500
003 GCL
008 140319s9999 xx 000 0 eng d
040 _aGCL /
_cGCL
082 0 4 _a843
_bZ L
100 1 _aZOLA, EMILE
245 1 0 _aLA FAUTE DE L'ABBE MOURET /
_cZOLA, EMILE
260 _a[S.N] :
_bFOLIO ،
_c1995
300 _a503 P
650 0 4 _aLITERATURE
650 0 4 _aFRENCH LITERATURE
942 _2ddc
_cBK
999 _c21907
_d21907